000
00259nam a2200109Ia 4500
008
190216s9999||||xx |||||||||||||| ||und||
100
_a
Made Gowda
245
0
_a
Management Accounting
260
_b
Himalaya Publishing House
_c
1997
300
_a
380p
942
_c
BK
999
_c
5603
_d
5603